000 00338 a2200157 4500
001 194667
020 _a978856167141
040 _cMagnum
100 _aLage, Micheline
240 1 0 _aO mundo novo da Luluca
_lpor
245 1 0 _aO mundo novo da Luluca
300 _a24
362 0 _a2013
697 _aLITERATURA INFANTIL
942 _cBK
999 _c194667
_d194667